Campuchia đất nước và con người
Tallennettuna:
| Päätekijä: | |
|---|---|
| Muut tekijät: | |
| Aineistotyyppi: | Kirja |
| Julkaistu: |
H.
Giáo dục
1985
|
| Aiheet: | |
| Tagit: |
Lisää tagi
Ei tageja, Lisää ensimmäinen tagi!
|
| Thư viện lưu trữ: | Trung tâm Học liệu Lê Vũ Hùng, Trường Đại học Đồng Tháp |
|---|
| LEADER | 00734pam a22002298a 4500 | ||
|---|---|---|---|
| 001 | 00023028 | ||
| 005 | 20171026081025.0 | ||
| 008 | 110608s1985 ||||||Viesd | ||
| 041 | 0 | # | |a Vie |
| 082 | 1 | 4 | |a 915.96 |b C104P |
| 100 | 0 | # | |a Đào Trọng Năng |
| 245 | 0 | 0 | |a Campuchia đất nước và con người |c Đào Trọng Năng, Trần Thục Ý |
| 260 | # | # | |a H. |b Giáo dục |c 1985 |
| 300 | # | # | |a 71 tr. |c 27 cm. |
| 653 | # | # | |a Campuchia |
| 653 | # | # | |a đất nước |
| 653 | # | # | |a con người |
| 700 | 0 | # | |a Trần Thục Ý |
| 852 | # | # | |j KD.0009820 |
| 852 | # | # | |b Kho đọc |j KD.00023028 |
| 910 | 0 | # | |a ngọc |d 08/06/2011 |
| 980 | # | # | |a Trung tâm Học liệu Lê Vũ Hùng, Trường Đại học Đồng Tháp |